000 01468cam a2200253 4500
001 L136407
008 070130n2007 000 0 eng u
020 _a190609701
_a9781906097011
035 _a(Sirsi) u136407
041 0 _aeng
050 0 4 _a711.1 $2 18
100 1 _aEvans, Alan W.
245 0 4 _aThe best laid plans
_bhow planning prevents economic growth
_h[electronic resource]
260 _aLondon
_bPolicy Exchange
_c2007
505 2 _aControl and constraint -- Economic growth, delay and the level of detail -- The effect of planning on interest rates -- The Barker Review of Land Use Planning.
520 _aDemonstrates how the UK's restrictive planning regime undermines the competitiveness of our economy by increasing costs, reducing choice and inhibiting flexibility. Argues that the artificial reduction of land supply affects social mobility, causes the UK to lose out on numerous economic opportunities, reduces opportunities and leads to higher prices, leads to higher interest rates and affects quality of life. Calls for reform of the planning system.
590 _aKA NTK
650 2 4 _aBARKER REVIEW OF LAND USE PLANNING
651 4 _aUnited Kingdom
_y
690 _aENVIRONMENTAL AND LAND CONSULTANCY-PLANNING AND DEVELOPMENT-PLANNING GUIDANCE
700 1 _aHartwich, Oliver Marc
856 4 0 _uhttps://www.policyexchange.org.uk/Publications.aspx?id=302
_zView the study free of charge at www.policyexchange.org.uk...
942 _n0
999 _c106384
_d106384